000 00500nam a22001817a 4500
005 20230131095636.0
008 230131b ||||| |||| 00| 0 eng d
040 _cAL
041 _aEnglish
082 _223
_a658.8
_bDALM
100 _aNandita Dalal
_970202
245 _aMarketing Management
260 _aPune
_bSymbiosis Centre for Distance Learning
_c2008
300 _a470 p.
_bPB
_c24x18 cm.
650 _aMarketing Management
_970203
700 _aDALAL (Nandita)
_970204
942 _2ddc
_cDB
999 _c226481
_d226481